University Home | Library Home | Institutional Repository

The call from Africa : (Record no. 216547)

MARC details
000 -LEADER
fixed length control field 00605nam a22001697a 4500
005 - DATE AND TIME OF LATEST TRANSACTION
control field 20260402115556.0
008 - FIXED-LENGTH DATA ELEMENTS--GENERAL INFORMATION
fixed length control field 260402b ||||| |||| 00| 0 eng d
040 ## - CATALOGING SOURCE
Original cataloging agency LC
Transcribing agency UNZA
Modifying agency UNZA
Description conventions RDA
050 ## - LIBRARY OF CONGRESS CALL NUMBER
Classification number ZAMB BV 3500
099 ## - LOCAL FREE-TEXT CALL NUMBER (OCLC)
Classification number CAL 1926
245 ## - TITLE STATEMENT
Title The call from Africa :
Remainder of title the world call to the church /
Statement of responsibility, etc. Missionary Council
260 ## - PUBLICATION, DISTRIBUTION, ETC.
Place of publication, distribution, etc. Westminister,
Name of publisher, distributor, etc. Press and Publications Board of the Church Assembly,
Date of publication, distribution, etc. 1926.
300 ## - PHYSICAL DESCRIPTION
Extent xv, 142 pages.
650 ## - SUBJECT ADDED ENTRY--TOPICAL TERM
Topical term or geographic name entry element World call to the church
700 ## - ADDED ENTRY--PERSONAL NAME
Personal name Donaldson, Clair The Right Rev. St. Bishop of Salisbury
Relator term Writer of the Preface
999 ## -
-- 216547
-- 216547
942 ## - ADDED ENTRY ELEMENTS (KOHA)
Koha item type Zambian collection
Holdings
Withdrawn status Lost status Source of classification or shelving scheme Damaged status Not for loan Home library Current library Date acquired Total Checkouts Full call number Barcode Date last seen Copy number Price effective from Koha item type
    Library of Congress Classification     Main Library Main Library 04/02/2026   ZAMB BV 3500 CAL 1926 33729000122817 04/02/2026 C.1 04/02/2026 Zambian collection
© 2026 - The University of Zambia Library - Koha v25.11